<?xml version="1.0" encoding="UTF-8"?>
<record
    xmlns:xsi="http://www.w3.org/2001/XMLSchema-instance"
    xsi:schemaLocation="http://www.loc.gov/MARC21/slim http://www.loc.gov/standards/marcxml/schema/MARC21slim.xsd"
    xmlns="http://www.loc.gov/MARC21/slim">

  <leader>02935cam a2200397 i 4500</leader>
  <controlfield tag="001">17816450</controlfield>
  <controlfield tag="003">PILC</controlfield>
  <controlfield tag="005">20150303130410.0</controlfield>
  <controlfield tag="008">130716t20142014paua     b    001 0 eng  </controlfield>
  <datafield tag="010" ind1=" " ind2=" ">
    <subfield code="a">  2013028429</subfield>
  </datafield>
  <datafield tag="020" ind1=" " ind2=" ">
    <subfield code="a">9781469897912</subfield>
  </datafield>
  <datafield tag="035" ind1=" " ind2=" ">
    <subfield code="a">(DNLM)101612653</subfield>
  </datafield>
  <datafield tag="040" ind1=" " ind2=" ">
    <subfield code="a">DNLM/DLC</subfield>
    <subfield code="c">DLC</subfield>
    <subfield code="e">rda</subfield>
    <subfield code="d">DLC</subfield>
  </datafield>
  <datafield tag="042" ind1=" " ind2=" ">
    <subfield code="a">pcc</subfield>
  </datafield>
  <datafield tag="050" ind1="0" ind2="0">
    <subfield code="a">RT 41</subfield>
    <subfield code="b">.T46St 2014</subfield>
  </datafield>
  <datafield tag="060" ind1="1" ind2="0">
    <subfield code="a">WY 150</subfield>
  </datafield>
  <datafield tag="082" ind1="0" ind2="0">
    <subfield code="a">617/.0231</subfield>
  </datafield>
  <datafield tag="100" ind1="1" ind2=" ">
    <subfield code="a">Hinkle, Janice L.,</subfield>
    <subfield code="e">author.</subfield>
  </datafield>
  <datafield tag="245" ind1="1" ind2="0">
    <subfield code="a">Study guide for Brunner &amp; Suddarth's textbook of medical-surgical nursing /</subfield>
    <subfield code="c">Janice L. Hinkle, Phd, RN, CNRN, Associate Professor, The Catholic University of America, Washington, DC, Kerry H. Cheever, PhD, RN, Professor and Chairperson, Department of Nursing, Moravian College, Bethlehem, Pennsylvania.</subfield>
  </datafield>
  <datafield tag="246" ind1="1" ind2=" ">
    <subfield code="a">Brunner and Suddarth's textbook of medical-surgical nursing</subfield>
  </datafield>
  <datafield tag="246" ind1="1" ind2=" ">
    <subfield code="a">Textbook of medical-surgical nursing</subfield>
  </datafield>
  <datafield tag="250" ind1=" " ind2=" ">
    <subfield code="a">13th ed.</subfield>
  </datafield>
  <datafield tag="260" ind1=" " ind2=" ">
    <subfield code="a">Philadelphia :</subfield>
    <subfield code="b">Wolters Kluwer Health/Lippincott Williams &amp; Wilkins,</subfield>
    <subfield code="c">c2014.</subfield>
  </datafield>
  <datafield tag="300" ind1=" " ind2=" ">
    <subfield code="a">408 pages :</subfield>
    <subfield code="b">illustrations ;</subfield>
    <subfield code="c">29 cm.</subfield>
  </datafield>
  <datafield tag="500" ind1=" " ind2=" ">
    <subfield code="a">Preceded by Brunner &amp; Suddarth's textbook of medical-surgical nursing / Suzanne C. Smeltzer ... [et al.]. 12th ed. c2010.</subfield>
  </datafield>
  <datafield tag="504" ind1=" " ind2=" ">
    <subfield code="a">Includes bibliographical references and index.</subfield>
  </datafield>
  <datafield tag="505" ind1="8" ind2=" ">
    <subfield code="a">Machine generated contents note:  Health Care Delivery and Evidence-Based Nursing Practice -- Community-Based Nursing Practice -- Critical Thinking, Ethical Decision Making and the Nursing Process -- Health Education and Promotion -- Adult Health and Nutritional Assessment -- Individual and Family Homeostasis, Stress, and Adaptation -- Overview of Transcultural Nursing -- Overview of Genetics and Genomics in Nursing -- Chronic Illness and Disability --  Principles and Practices of Rehabilitation -- Health Care of the Older Adult --  Pain Management -- Fluid and Electrolytes: Balance and Disturbance -- Shock and Multiple Organ Dysfunction Syndrome -- Oncology: Nursing Management in Cancer Care -- End-of-Life Care -- Preoperative Nursing Management -- Intraoperative Nursing Management -- Postoperative Nursing Management -- Assessment of Respiratory Function -- Respiratory Care Modalities -- Management of Patients With Upper Respiratory Tract Disorders -- Management of Patients With Chest and Lower Respiratory Tract Disorders.</subfield>
  </datafield>
  <datafield tag="520" ind1=" " ind2=" ">
    <subfield code="a">"This textbook has been a favorite resource for students, instructors, and practicing nurses for almost a half-century. It's comprehensive yet accessible approach covers a broad scope of medical conditions while focusing strongly on the nurse's role in caring for, educating, and assisting patients and families"--Provided by publisher.</subfield>
  </datafield>
  <datafield tag="521" ind1=" " ind2=" ">
    <subfield code="a">Nursing</subfield>
  </datafield>
  <datafield tag="650" ind1="1" ind2="2">
    <subfield code="a">Nursing Care.</subfield>
  </datafield>
  <datafield tag="650" ind1="2" ind2="2">
    <subfield code="a">Perioperative Nursing.</subfield>
  </datafield>
  <datafield tag="700" ind1="1" ind2=" ">
    <subfield code="a">Cheever, Kerry H.,</subfield>
    <subfield code="e">author.</subfield>
  </datafield>
  <datafield tag="906" ind1=" " ind2=" ">
    <subfield code="a">7</subfield>
    <subfield code="b">cbc</subfield>
    <subfield code="c">orignew</subfield>
    <subfield code="d">1</subfield>
    <subfield code="e">ecip</subfield>
    <subfield code="f">20</subfield>
    <subfield code="g">y-gencatlg</subfield>
  </datafield>
  <datafield tag="942" ind1=" " ind2=" ">
    <subfield code="2">lcc</subfield>
    <subfield code="c">BK</subfield>
  </datafield>
  <datafield tag="999" ind1=" " ind2=" ">
    <subfield code="c">283697</subfield>
    <subfield code="d">283697</subfield>
  </datafield>
  <datafield tag="952" ind1=" " ind2=" ">
    <subfield code="0">0</subfield>
    <subfield code="1">0</subfield>
    <subfield code="2">lcc</subfield>
    <subfield code="4">0</subfield>
    <subfield code="a">CL</subfield>
    <subfield code="b">CL</subfield>
    <subfield code="c">FIL</subfield>
    <subfield code="d">2015-03-03</subfield>
    <subfield code="e">Library Fund</subfield>
    <subfield code="k">FIL</subfield>
    <subfield code="l">1</subfield>
    <subfield code="m">8</subfield>
    <subfield code="o">RT 41 .T46St 2014</subfield>
    <subfield code="p">C19094</subfield>
    <subfield code="r">2018-05-08 00:00:00</subfield>
    <subfield code="s">2016-05-16</subfield>
    <subfield code="w">2015-03-03</subfield>
    <subfield code="y">BK</subfield>
  </datafield>
</record>
